Jakie TOTSY mają najwyższą ocenę w - FIFA 21 - Statystyki

Ogólne statystyki
  • Ten quiz został rozwiązany 233 razy
    158 od ostatniego zresetowania
  • Średni wynik to 13 z 15
Statystyki odpowiedzi
Liga, ocena ogólna i narodowość Zawodnik % Poprawnych
Bundesliga - 98 - Polska Lewandowski
100%
LaLiga - 98 - Argentyna Messi
100%
Serie A - 98 - Portugalia Ronaldo
100%
Ligue - 96 - Brazylia Neymar
99%
Ligue - 97 - Francja Mbappe
98%
Premier League - 96 - Egipt Salah
98%
LaLiga - 95 - Urugwaj Suarez
92%
Premier League - 96 - Belgia De Bruyne
91%
LaLiga - 97 - Francja Benzema
90%
LaLiga - 96 - Słowenia Oblak
90%
Serie A - 96 - Belgia Lukaku
80%
Premier League - 96 - Anglia Kane
76%
Bundesliga - 96 - Anglia Sancho
73%
Bundesliga - 96 - Niemcy Kimmich
71%
Premier League - 96 - Portugalia Bruno
69%
Nie znaleziono quizów pasujących do podanych kryteriów
Rozkład punktacji
Procent ludzi z każdym wynikiem
Percentyl według liczby udzielonych odpowiedzi
Twoja historia wyników
Nie rozwiązałeś tego quizu od ostatniego zresetowania